Normal view
MARC view
- Sohail Mahmood & Zaheer ud Din Shami
Entry Personal Name
001 - CONTROL NUMBER
- control field: 92604
003 - CONTROL NUMBER IDENTIFIER
- control field: NUST
005 - DATE AND TIME OF LATEST TRANSACTION
- control field: 20220704112409.0
008 - FIXED-LENGTH DATA ELEMENTS
- fixed length control field: 220704|| aca||aabn | a|a d
040 ## - CATALOGING SOURCE
- Original cataloging agency: NUST
- Transcribing agency: NUST
100 ## - HEADING--PERSONAL NAME
- Personal name: Sohail Mahmood & Zaheer ud Din Shami
670 ## - SOURCE DATA FOUND
- Source citation: Work cat.: (NUST)10242: M. Umais Mahmood 92603, Design and development of a network outages management system for cellular networks, 2010.
